Law briefing: compulsory purchase and compensation. (Record no. 60390)
[ view plain ]
| 000 -LEADER | |
|---|---|
| fixed length control field | 00960cam a2200205 4500 |
| 001 - CONTROL NUMBER | |
| control field | ABS60746 |
| 008 - FIXED-LENGTH DATA ELEMENTS--GENERAL INFORMATION | |
| fixed length control field | 000000n1999 000 0 eng u |
| 035 ## - SYSTEM CONTROL NUMBER | |
| System control number | (Sirsi) u101236 |
| 100 ## - MAIN ENTRY--PERSONAL NAME | |
| Personal name | Sams, G. |
| 245 ## - TITLE STATEMENT | |
| Title | Law briefing: compulsory purchase and compensation. |
| 260 ## - PUBLICATION, DISTRIBUTION, ETC. | |
| Date of publication, distribution, etc. | 1999 |
| 490 ## - SERIES STATEMENT | |
| Series statement | Journal of Property Investment and Finance |
| Volume/sequential designation | 17(3) 301-313(13) |
| 520 ## - SUMMARY, ETC. | |
| Summary, etc. | Highlights areas of the law on compensation and compulsory purchase which the author feels are unsatisfactory, and which he suggests should form part of the DETR's review of compensation provisions. Covers severance and the land taken, planning assumptions, delay and fees. Quotes examples of cases showing the problems and suggests solutions. |
| 650 ## - SUBJECT ADDED ENTRY--TOPICAL TERM | |
| Topical term or geographic name entry element | SEVERANCE |
| 650 ## - SUBJECT ADDED ENTRY--TOPICAL TERM | |
| Topical term or geographic name entry element | FEES |
| 650 ## - SUBJECT ADDED ENTRY--TOPICAL TERM | |
| Topical term or geographic name entry element | Valuation |
| 9 (RLIN) | 6273 |
| 650 ## - SUBJECT ADDED ENTRY--TOPICAL TERM | |
| Topical term or geographic name entry element | PLANNING ASSUMPTIONS |
| 690 ## - LOCAL SUBJECT ADDED ENTRY--TOPICAL TERM (OCLC, RLIN) | |
| Topical term or geographic name as entry element | ENVIRONMENTAL AND LAND CONSULTANCY-PLANNING AND DEVELOPMENT-COMPULSORY PURCHASE AND COMPENSATION |
| 942 ## - ADDED ENTRY ELEMENTS (KOHA) | |
| Suppress in OPAC | 0 |
| Withdrawn status | Lost status | Source of classification or shelving scheme | Damaged status | Not for loan | Home library | Current library | Shelving location | Date acquired | Total Checkouts | Full call number | Barcode | Date last seen | Copy number | Price effective from | Koha item type |
|---|---|---|---|---|---|---|---|---|---|---|---|---|---|---|---|
| Dewey Decimal Classification | London | London | Journal article | 02/11/1999 | ABS60746 | 101236-1001 | 06/08/2019 | 1 | 06/08/2019 | Journal article |